五輪実施競技 - Statistics

General Stats
  • This quiz has been taken 203 times
  • The average score is 24 of 66
Answer Stats
最終実施(予定)年 競技名 % Correct
2028 野球・ソフトボール(野球)
89%
2028 サッカー
82%
2028 柔道
80%
2028 バスケットボール(バスケットボール)
76%
2028 卓球
70%
2028 テニス
68%
2028 陸上競技
66%
2020 空手
65%
2028 レスリング
61%
2028 野球・ソフトボール(ソフトボール)
59%
2028 水泳(競泳)
56%
2026 フィギュアスケート
54%
2028 バドミントン
53%
2026 スキージャンプ
52%
2028 フェンシング
50%
2028 トライアスロン
50%
2026 スピードスケート
50%
2028 馬術
49%
2028 水泳(水球)
48%
2028 射撃
48%
2026 スノーボード
47%
2028 アーチェリー
45%
2028 テコンドー
44%
2028 ラグビー
44%
2026 カーリング
44%
2028 体操(新体操)
43%
2028 近代五種
43%
2028 バレーボール(バレーボール)
42%
2024 ブレイキン
42%
2028 水泳(飛込)
41%
2024 ボクシング
41%
2028 ハンドボール
39%
2028 ホッケー
38%
2026 アイスホッケー
36%
2026 ボブスレー
36%
2028 ゴルフ
34%
2028 水泳(アーティスティックスイミング)
33%
2028 体操(体操競技)
32%
2028 バスケットボール(3x3)
29%
2028 スポーツクライミング
28%
2028 クリケット
27%
2026 ノルディック複合
26%
2026 スケルトン
26%
2028 自転車競技(BMX)
26%
2028 サーフィン
24%
2026 リュージュ
24%
2028 セーリング
23%
2026 アルペンスキー
23%
2026 クロスカントリースキー
22%
2028 ボート
21%
2028 ウエイトリフティング
18%
2026 バイアスロン
18%
2028 バレーボール(ビーチバレー)
17%
2028 スカッシュ
17%
2028 ラクロス
16%
2026 ショートトラックスピードスケート
14%
2028 自転車競技(トラック)
13%
2028 自転車競技(ロード)
13%
2028 体操(トランポリン)
11%
2028 カヌー(スラローム)
9%
2028 自転車競技(マウンテンバイク)
6%
2026 フリースタイルスキー
6%
2028 フラッグフットボール
3%
2028 カヌー(フラットウォーター)
2%
2028 ローラースポーツ
1%
2026 山岳スキー
1%
No matching quizzes found
Score Distribution
Percent of People with Each Score
Percentile by Number Answered
Your Score History
You have not taken this quiz